| 000 | 00320pam a2200133 a 4500 | ||
|---|---|---|---|
| 020 |
_a0-470-85052-3 _c |
||
| 041 | _h | ||
| 082 |
_a519.5 _bOAK |
||
| 100 | _aDUFFY, NEILL/HOOPR,JO. | ||
| 245 |
_aPASSION BRANDING _hTextual Documents |
||
| 260 |
_aUSA _bJOHN WILEYL AND SONS, INC. _c2003 |
||
| 300 | _a249 | ||
| 930 | _a16188 | ||
| 999 |
_c135367 _d135367 |
||